000 00914nam a22003137a 4500
003 DO-SdBNP
005 20230525154922.0
007 ta
008 230525b1977 sp ||||| |||| 00| 0 spa d
040 _aDO-SdBNP
_bspa
_cBNPHU
_erda
049 _aBNGR
082 4 _a863.6
_bV181re, 1977
_222
100 1 _aValle-Inclán, Ramón del,
_d1866-1936.
_93325
_eautor
245 1 3 _aEl resplandor de la hoguera /
_cRamón del Valle-Inclán.
250 _a5a ed.
264 _aMadrid :
_bEspasa-Calpe,
_c1970.
300 _a151 páginas ;
_c18 cm.
336 _2rdacontent
_atexto
_btxt
337 _2rdamedia
_asin mediación
_bn
338 _2rdacarrier
_avolumen
_bnc
490 _aAustral
_v480
590 _aInventariado, 2023/BT
650 4 _aNovela española
_91123
650 4 _aLiteratura española
_9632
830 _922386
830 3 _aLa guerra carlista
_941660
910 _aBtavárez
942 _2ddc
_cLBS1
999 _c53619
_d53619